-
Mejia, Luis R, Gomez / Balki, David B. and Cardy, robert L
Entry Personal Name
Number of records used in: 1
001 - CONTROL NUMBER
003 - CONTROL NUMBER IDENTIFIER
005 - DATE AND TIME OF LATEST TRANSACTION
- control field:
20180802151838.0
008 - FIXED-LENGTH DATA ELEMENTS
- fixed length control field:
180802|| aca||aabn | a|a d
040 ## - CATALOGING SOURCE
- Original cataloging agency:
OSt
- Transcribing agency:
OSt
100 ## - HEADING--PERSONAL NAME
- Personal name:
Mejia, Luis R, Gomez / Balki, David B. and Cardy, robert L
670 ## - SOURCE DATA FOUND
- Source citation:
Work cat.: (OSt)813: Mejia, Luis R, Gomez / Balki, David B. and Cardy, robert L , Managing Human Resources, 2003